| 000 | 00817nac a22002531i 4500 | ||
|---|---|---|---|
| 003 | EG-ScBUE | ||
| 005 | 20260121104938.0 | ||
| 008 | 260121s1972 enkab f b 001 0 eng d | ||
| 020 | _a0412106108 | ||
| 040 |
_aEG-ScBUE _beng _erda _cEG-ScBUE _dEG-ScBUE |
||
| 082 | 0 | 4 |
_a551.8 _bHIL _222 |
| 100 | 1 |
_aHills, E. Sherbon, _eauthor. |
|
| 245 | 1 | 0 |
_aElements of structural geology / _cby E. Sherbon Hills. |
| 250 | _aSecond edition. | ||
| 264 | 1 |
_aLondon : _bChapman and Hall, _c1972. |
|
| 300 |
_ax, 502 pages : _billustrations, maps ; _c24 cm |
||
| 336 |
_2rdacontent _atext _btxt |
||
| 337 |
_aunmediated _2rdamedia _bn |
||
| 338 |
_avolume _bnc _2rdacarrier |
||
| 504 | _aIncludes bibliographical references and index. | ||
| 650 | 7 |
_aGeology, Structural. _2BUEsh |
|
| 655 | _vReading book | ||
| 942 |
_cBB _2ddc |
||
| 999 |
_c8542 _d8542 |
||